Quizzes
Events
Quiz Creation
Community
Videos
Private Events
Remove Ads
Sign In
Join for FREE
Feedback
Dark Mode
Quiz Categories
Sports
Geography
Music
Movies
Television
Just For Fun
Miscellaneous
History
Literature
Language
Science
Gaming
Entertainment
Religion
Holiday
For Kids
Quiz Lab
Recent
Popular Today
Quiz Kudos Today
Editor Picks
Curator Picks
Quizzes by...
Day
Popularity
Type
Ratings
Length
Year
Community
Subscriptions
Recent Discussions
Orange Saloon
Badges
Playlists
Quests
Create
Leaderboards
Showdown
Live 5
Trivia Bingo
Activity
Puzzle Library
Sporcle Events
Private Events
Virtual Trivia
Globe League
Become a Host
Pub Owners
SporcleCon
Opinionation
Our Games
Videos
Blog
Mobile Apps
Partnerships
Remove Ads and Go Orange
Feedback
Gaming
Video Games
Board Games
Card Games
Pokémon
Mario
Nintendo
Minecraft
Console
Toys
Legend of Zelda
Gaming
Video Games
Board Games
Card Games
Pokémon
Mario
Nintendo
Minecraft
Console
Toys
Legend of Zelda
Random Quiz
Search Sporcle
×
Quiz Lab
Quiz Lab
Gaming
Type in answers that appear in a list
Type in answers that appear in a list
Classic
Best Score? Go Orange.
Anno 1404 Goods Stats
Can you name the Anno 1404 Goods?
By
Phalcon
8m
62 Questions
153 Plays
153 Plays
153 Plays
Comments
Comments
Give Quiz Kudos
Give Quiz Kudos
-
- Ratings
hide this ad
Replay
Link that replays current quiz
Next Quiz
Link to next quiz in quiz playlist
You Got
0%
They Got
Avg Score
65%
Avg Friend Score
Upgrade to see
Score Distribution
Jump to the score distribution portion of the page
Score
0/62
Timer
08:00
0
Plays Today
% Correct
wood
98.7%
iron ore
96.1%
iron
96.1%
fish
92.8%
stone
86.9%
glass
86.9%
beer
86.3%
gold
85%
coal
85%
meat
84.3%
bread
83.7%
cider
83%
tools
82.4%
wheat
81.7%
milk
81.7%
salt
79.1%
wine
79.1%
weapon
77.1%
hemp
75.8%
indigo
75.8%
spice
74.5%
date
73.9%
silk
73.2%
rope
73.2%
quartz
69.9%
paper
69.9%
books
69.9%
flour
68.6%
coffee
68.6%
furs
68%
herbs
66%
% Correct
cannon
66%
pearl
64.7%
sugar
62.7%
grape
62.1%
clay
61.4%
carpet
60.8%
candle
58.8%
brine
57.5%
glasses
57.5%
copper ore
54.9%
barrels
54.9%
perfume
54.9%
marzipan
54.2%
almond
53.6%
potash
52.3%
leather jerkins
51.6%
cattle
50.3%
gold ore
50.3%
coffee beans
50.3%
pearl necklace
50.3%
brass
49.7%
fur coats
49%
bee wax
48.4%
linen garments
48.4%
war machines
47.1%
candlestick
45.8%
sugar cane
45.1%
brocade robes
41.2%
mosiac
34.6%
animal hide
34.6%
rose oil
30.7%
Quiz Playlist
Details
Report
Send in Message
Add To Playlist
Classic:
Type in answers that appear in a list
Last Updated: Feb 16, 2017
Quiz Scoreboard
CHALLENGE
Sign Up to Join the Scoreboard
Show All
Scores
Hide
Comments
May contain spoilers
Recently Published
Movies - When Are They Set?
by FPL_Elf
Movies
5m
Popular People in 1961
by mucciniale
History
6m
1-10 Letter E Words III
by El_Dandy
Language
2m
More to Explore
Quiz From the Vault
Featured Blog Post
Where Did the Easter Bunny Come From?
hide this ad
You Might Also Like...
Tags
This quiz does not have any tags.
Today's Top Quizzes in Gaming
Browse Gaming
hide this ad
Top Contributed Quizzes in Gaming
1
Destiny 2 exotic weapons by perk icons
2
Ultimate Genshin Impact Logic Puzzle (up to 4.3)
3
Genshin Impact Logic Puzzle Quiz
4
Who's on the WWE 2K24 Cover?
5
Windmill: Pokémon
6
Franchise by Action Figure
7
Legendary or Exotic?
8
Overwatch 2: Ultimate Ability Icons
9
Overwatch 2 Heroes by Selection Quote
10
Genshin murder mystery
Explore More
Trending Topics
Crossword
Marvel
NBA
Harry Potter
Disney
Kpop
Anime
Pokémon
Country
Song
Soccer
NFL
Puzzle
WWE
The Office
hide this ad
More By:
Phalcon
Quiz
Plays
Rating
Category
Featured
Created
Anno 1404 Goods
153
1.00
Gaming
Apr 21, 2010
Go to Creator's Profile
Score Distribution
Quiz Creator Spotlight
Phalcon
Follow
Send a Message
Quizzes Created
-
Created Quiz Play Count
-
More By This Creator
Popular Quizzes Today
1
Find the Countries of Europe - No Outlines Minefield
2
Find the US States - No Outlines Minefield
3
The Countries of the World
4
Popular People in 1961
5
US States
6
1-10 Letter E Words III
7
Find the US States
8
One Thing in Common: World Cities II
More Gaming Quizzes
Mastermind
Published
Trending Quizzes
Risky Map Clicking: Least Populous States A-Z
Humor Books: The Subtitles
1-10 Letter F Words
1-10 Letter G Words
One Thing in Common: United Kingdom
Recently Updated
Leaping Animals
pecheneg
Reality TV Shows (A-Z)
bhenderson79
Rickey Henderson's Hall of Fame Teammates
pecheneg
Champions League XIs: Arsenal
pecheneg
Quick Pick: Celebrities in WWE's Hall of Fame
aduchscher
A-Z Keypad Blitz II
pecheneg
Multiple Oscar Actors
pecheneg
Mystery Phrase Blitz: Oscar 'Best Actors'
pecheneg
F. Scott Fitzgerald Novels
LTH
Pick 3 Villains
ddd62291
Trending Topics
NBA
Disney
Kpop
Harry Potter
Anime
Marvel
Crossword
NFL
Song
WWE
Pokémon
Country
Soccer
Puzzle
The Office
Your Account Isn't Verified!
In order to create a playlist on Sporcle, you need to verify the email address you used during registration. Go to your
Sporcle Settings
to finish the process.
Report this User
Report this user for behavior that violates our
Community Guidelines
.
Details:
Send Report
Go to the Sporcle.com Mobile Site →
Comments